000 00615nam a22002177a 4500
005 20251108174622.0
008 250721s2008 xx 000 0 eng d
082 1 4 _aWB/331.12096/FOX
100 1 _aFox, Louise
245 1 0 _aWorking Out Of Poverty Job Creation and The Quality of Growth in Africa /
264 1 _aWashington :
_bThe World Bank,
_c2008.
300 _a81P.
500 _aINCLUDES BIBLIOGRAPHICAL REFERENCES
650 1 7 _aJOB CREATION
650 1 7 _aLABOR SUPPLY
650 1 7 _aLABOR MARKET
650 1 7 _aWORLD BANK
700 1 _aGaal, Melissa Sekkel
942 _2ddc
_cBK
999 _c113713
_d113713